| 000 | 00857nam a22002057a 4500 | ||
|---|---|---|---|
| 999 |
_c13290 _d13290 |
||
| 003 | AR-CdUCM | ||
| 008 | 190411b ||||| |||| 00| 0 spa d | ||
| 040 |
_aMUNICIPALIDAD PROVINCIAL DEL CUSCO _cBIBLIOTECA MUNICIPAL DEL CUSCO |
||
| 082 |
_a343.8 / _bO74 |
||
| 100 |
_aOrtiz de Zevallos Olaechea, Gonzalo _931628 |
||
| 245 |
_aIncentivos tributarios : _bEstabilidad / |
||
| 260 |
_a[Lima] : _bT.G. Cecil, _c[1972?] |
||
| 300 | _a116 páginas ; | ||
| 505 | _aContenido :Prologo -- Introducción -- Antecedentes que confieren a los incentivos tributarios el carácter de situación jurídica de palpitante vigencia -- El incentivo tributario -- Contratos y otros actos en materia de incentivos tributarios ... | ||
| 650 |
_aTributo _931629 |
||
| 650 |
_aActos _931630 |
||
| 650 |
_aEstabilidad _931631 |
||
| 942 |
_2ddc _cLIBROS |
||
| 945 |
_arah _d11/04/2019 |
||